| 000 | 00629cam a2200169 i 4500 | ||
|---|---|---|---|
| 999 |
_c13468 _d13468 |
||
| 020 | _a9781337619370 (student edition) | ||
| 020 | _a9781337619394 (looseleaf edition) | ||
| 082 | 0 | 0 | _a616.89 |
| 100 | 1 | _aDurand, Vincent Mark, | |
| 245 | 1 | 0 |
_aEssentials of abnormal psychology / _cV. Mark Durand, University of South Florida--St. Petersburg, David H. Barlow, Boston University, Stefan G. Hofmann, Boston University. |
| 250 | _aEighth edition. | ||
| 260 |
_aUSA _bCengage Learning _c2019 |
||
| 300 |
_axxviii, 547 pages _bcolor illustrations ; |
||
| 650 | 0 | _aPsychology, Pathological | |
| 700 | 1 | _aBarlow, David H., | |
| 942 | _cBK | ||